00522cam a2200169 a 450000100100000000500170001000800410002704000250006808200250009310000170011824500630013525000170019826000310021530000350024644000220028165100490030300000101520200929145451.0740822s1968 sp a 000 0 spa  aDO-SdBNPbspacBNPHU a946.081bR763t, 19681 aRomero, Luis10aTres días de julio (18, 19 y 20 de 1936) /cLuis Romero. a2a ed. corr. aBarcelona :bAriel,c1968. axxxvi, 639 p. :bil. ;c23 cm. 0aHoras de España 0aEspañaxHistoriayGUERRA CIVIL, 1936-1939.